| 000 | 00896nam a2200313 a 4500 | ||
|---|---|---|---|
| 003 | AR-BaBNM | ||
| 005 | 20251128210249.0 | ||
| 008 | 082120s2002 ||||||||||||||000 | spa|| | ||
| 020 | _a84-87118-02-X | ||
| 040 | _cAR-BaBNM | ||
| 100 | 1 | _aCubero, Rosario | |
| 245 | 0 | 0 | _aCómo trabajar con las ideas de los alumnos |
| 250 | _a4ª ed. | ||
| 260 |
_aSevilla _bíada _c1997 |
||
| 300 |
_a68 p. _bil., tablas |
||
| 490 | 0 |
_aInvestigación y enseñanza. Práctica _vv. 1 |
|
| 500 | _aReferencias p. 66-68 | ||
| 504 | _aContiene bibliografía comentada p. 61-65 | ||
| 650 | 4 | _aPROCESO DE APRENDIZAJE | |
| 650 | 4 | _aCOGNICION | |
| 650 | 4 | _aFORMACION DE CONCEPTOS | |
| 650 | 4 | _aMETODOS DE ENSEÑANZA | |
| 650 | 4 | _aTECNICAS DIDACTICAS | |
| 653 | _aAPRENDIZAJE SIGNIFICATIVO | ||
| 653 | _aESTRATEGIAS EDUCATIVAS | ||
| 800 | 1 | _aPorlán Ariza, Rafael | |
| 942 | _cBK | ||
| 998 | _cRaquel | ||
| 999 |
_c14694 _d14694 |
||